[Event "8th Ali Ipek Tournament 2020"]
[Site "Ankara"]
[Date "2020.03.07"]
[Round "5.7"]
[White "Ozates, Mert"]
[Black "Aral, Demir"]
[Result "1-0"]
[WhiteElo "1810"]
[BlackElo "1554"]
[Annotator "NA RC"]
[PlyCount "111"]
[EventDate "2020.03.04"]
[EventType "swiss"]
[EventCountry "TUR"]
[SourceTitle "playchess.com"]
[Source "ChessBase"]
[SourceQuality "1"]
[TimeControl "5400+30"]

1. b3 {[%emt 0:00:30]} e5 {[%emt 0:00:30]} 2. Bb2 {[%emt 0:00:00]} Nc6 {[%emt 0:00:30]} 3. e3 {[%emt 0:02:00]} Nf6 {[%emt 0:00:30]} 4. Bb5 {[%emt 0:00:30]} d6 {[%emt 0:00:30]} 5. d4 {[%emt 0:02:30]} exd4 {[%emt 0:04:30]} 6. exd4 {[%emt 0:01:30]} a6 {[%emt 0:03:30]} 7. Bxc6+ {[%emt 0:03:30]} bxc6 {[%emt 0:00:30]} 8. Nf3 {[%emt 0:00:30]} Bg4 {[%emt 0:02:30]} 9. O-O {[%emt 0:01:30]} d5 {[%emt 0:01:30]} 10. Re1+ {[%emt 0:15:30]} Be7 {[%emt 0:00:30]} 11. Ba3 {[%emt 0:04:30]} Be6 {[%emt 0:06:30]} 12. Bxe7 {[%emt 0:12:30]} Qxe7 {[%emt 0:02:30]} 13. Ng5 {[%emt 0:04:30]} h6 {[%emt 0:00:30]} 14. Nxe6 {[%emt 0:03:30]} fxe6 {[%emt 0:00:00]} 15. Nd2 {[%emt 0:06:30]} O-O {[%emt 0:01:00]} 16. Qe2 {[%emt 0:01:30]} Rfe8 {[%emt 0:02:30]} 17. Nf3 {[%emt 0:01:30]} Nd7 {[%emt 0:02:30]} 18. Ne5 {[%emt 0:02:30]} Nxe5 {[%emt 0:00:30]} 19. Qxe5 {[%emt 0:00:30]} c5 {[%emt 0:01:30]} 20. dxc5 {[%emt 0:06:30]} Qxc5 {[%emt 0:00:30]} 21. c4 {[%emt 0:00:00]} c6 {[%emt 0:07:30]} 22. Rac1 {[%emt 0:01:00]} Qf8 {[%emt 0:04:30]} 23. Qc7 {[%emt 0:07:30]} Rac8 {[%emt 0:07:30]} 24. Qd7 {[%emt 0:04:24]} Qf7 {[%emt 0:00:30]} 25. Qd6 {[%emt 0:01:14]} Qf6 {[%emt 0:07:30]} 26. cxd5 {[%emt 0:04:44]} exd5 {[%emt 0:01:30]} 27. Rxe8+ {[%emt 0:02:09]} Rxe8 {[%emt 0:00:00]} 28. Qxf6 {[%emt 0:00:28]} gxf6 {[%emt 0:01:00]} 29. Kf1 {[%emt 0:00:30]} Re6 {[%emt 0:00:00]} 30. Rc5 {[%emt 0:00:08]} d4 {[%emt 0:01:00]} 31. Rc4 {[%emt 0:00:52]} Kf7 {[%emt 0:05:30]} 32. Rxd4 {[%emt 0:00:30]} Ke7 {[%emt 0:00:00]} 33. Ra4 {[%emt 0:01:56]} c5 {[%emt 0:00:00]} 34. Ra5 {[%emt 0:00:30]} Rc6 {[%emt 0:00:30]} 35. Ke2 {[%emt 0:00:00]} Ke6 {[%emt 0:00:30]} 36. Kd3 {[%emt 0:00:02]} f5 {[%emt 0:01:30]} 37. Ra4 {[%emt 0:01:43]} Ke5 {[%emt 0:01:30]} 38. Rh4 {[%emt 0:01:12]} Rd6+ {[%emt 0:01:30]} 39. Ke3 {[%emt 0:01:04]} Rg6 {[%emt 0:01:30]} 40. g3 {[%emt 0:00:37]} Rf6 {[%emt 0:05:30]} 41. Ra4 {[%emt 0:02:02]} Rc6 {[%emt 0:00:00]} 42. Ra5 {[%emt 0:01:38]} Kf6 {[%emt 0:02:00]} 43. Ra4 {[%emt 0:00:35]} Ke5 {[%emt 0:00:00]} 44. h3 {[%emt 0:00:28]} Kf6 {[%emt 0:02:00]} 45. Rc4 {[%emt 0:00:31]} Ke5 {[%emt 0:01:30]} 46. b4 {[%emt 0:00:52]} Rb6 {[%emt 0:02:30]} 47. Rxc5+ {[%emt 0:00:34]} Ke6 {[%emt 0:00:30]} 48. a3 {[%emt 0:00:00]} Rd6 {[%emt 0:00:00]} 49. Ra5 {[%emt 0:01:39]} Rc6 {[%emt 0:00:00]} 50. Rc5 {[%emt 0:01:16]} Rd6 {[%emt 0:00:00]} 51. a4 {[%emt 0:00:19]} Kf6 {[%emt 0:01:00]} 52. b5 {[%emt 0:00:30]} axb5 {[%emt 0:00:30]} 53. axb5 {[%emt 0:00:20]} Rd7 {[%emt 0:00:00]} 54. b6 {[%emt 0:00:00]} Rd8 {[%emt 0:01:00]} 55. b7 {[%emt 0:00:23]} Rb8 {[%emt 0:00:30]} 56. Rb5 {[%emt 0:00:30]} 1-0

[Event "8th Ali Ipek Tournament 2020"]
[Site "Ankara"]
[Date "2020.03.07"]
[Round "5.8"]
[White "Kolsuz, Umut"]
[Black "Demirci, Murat"]
[Result "0-1"]
[WhiteElo "1551"]
[BlackElo "1821"]
[Annotator "NA RC"]
[PlyCount "95"]
[EventDate "2020.03.04"]
[EventType "swiss"]
[EventCountry "TUR"]
[SourceTitle "playchess.com"]
[Source "ChessBase"]
[SourceQuality "1"]
[TimeControl "5400+30"]

1. e4 {[%emt 0:00:30]} e5 {[%emt 0:00:30]} 2. Nf3 {[%emt 0:00:00]} Nc6 {[%emt 0:00:00]} 3. Bb5 {[%emt 0:00:00]} Nf6 {[%emt 0:00:00]} 4. O-O {[%emt 0:00:30]} d6 {[%emt 0:00:00]} 5. Re1 {[%emt 0:00:00]} a6 {[%emt 0:00:00]} 6. Ba4 {[%emt 0:00:00]} b5 {[%emt 0:00:30]} 7. Bb3 {[%emt 0:00:30]} Na5 {[%emt 0:02:30]} 8. d4 {[%emt 0:01:30]} Nxb3 {[%emt 0:01:30]} 9. axb3 {[%emt 0:00:00]} Bb7 {[%emt 0:00:00]} 10. d5 {[%emt 0:07:00]} Be7 {[%emt 0:00:00]} 11. Bd2 {[%emt 0:01:30]} O-O {[%emt 0:00:30]} 12. c4 {[%emt 0:00:30]} bxc4 {[%emt 0:04:30]} 13. bxc4 {[%emt 0:00:30]} Nd7 {[%emt 0:00:30]} 14. Qc2 {[%emt 0:02:30]} g6 {[%emt 0:00:30]} 15. Bh6 {[%emt 0:03:30]} Re8 {[%emt 0:00:30]} 16. Nbd2 {[%emt 0:01:30]} Bf8 {[%emt 0:03:30]} 17. Be3 {[%emt 0:01:30]} Nf6 {[%emt 0:03:30]} 18. Nb3 {[%emt 0:03:30]} c5 {[%emt 0:02:30]} 19. Na5 {[%emt 0:02:30]} Bc8 {[%emt 0:03:30]} 20. Nc6 {[%emt 0:06:30]} Qc7 {[%emt 0:05:30]} 21. b4 {[%emt 0:04:30]} cxb4 {[%emt 0:01:30]} 22. Nxb4 {[%emt 0:00:30]} a5 {[%emt 0:00:30]} 23. Nd2 {[%emt 0:01:30]} Bd7 {[%emt 0:02:30]} 24. Nd3 {[%emt 0:02:30]} Rec8 {[%emt 0:06:30]} 25. Reb1 {[%emt 0:02:30]} Rab8 {[%emt 0:00:00]} 26. f3 {[%emt 0:01:30]} a4 {[%emt 0:01:00]} 27. Rxb8 {[%emt 0:14:30]} Rxb8 {[%emt 0:00:30]} 28. Rb1 {[%emt 0:00:30]} Ra8 {[%emt 0:03:30]} 29. Rb6 {[%emt 0:03:30]} Bh6 {[%emt 0:04:30]} 30. Bf2 {[%emt 0:06:30]} Bxd2 {[%emt 0:00:30]} 31. Qxd2 {[%emt 0:00:00]} Qxc4 {[%emt 0:00:30]} 32. Nb4 {[%emt 0:09:00]} a3 {[%emt 0:02:30]} 33. Nc2 {[%emt 0:04:30]} a2 {[%emt 0:01:30]} 34. Na1 {[%emt 0:00:30]} Rc8 {[%emt 0:08:30]} 35. Be3 {[%emt 0:00:30]} Bb5 {[%emt 0:00:30]} 36. Qe1 {[%emt 0:00:30]} Nh5 {[%emt 0:05:30]} 37. g3 {[%emt 0:04:02]} f5 {[%emt 0:02:30]} 38. exf5 {[%emt 0:03:08]} Qxd5 {[%emt 0:05:30]} 39. fxg6 {[%emt 0:01:10]} hxg6 {[%emt 0:00:30]} 40. Kf2 {[%emt 0:01:12]} Rf8 {[%emt 0:00:30]} 41. Rxb5 {[%emt 0:07:28]} Qxb5 {[%emt 0:00:30]} 42. Qc3 {[%emt 0:00:19]} Qd5 {[%emt 0:00:30]} 43. Bg5 {[%emt 0:03:45]} Qc5+ {[%emt 0:04:30]} 44. Qxc5 {[%emt 0:01:01]} dxc5 {[%emt 0:00:30]} 45. Be7 {[%emt 0:00:30]} Rc8 {[%emt 0:02:30]} 46. Ke3 {[%emt 0:01:35]} Kf7 {[%emt 0:00:00]} 47. Bg5 {[%emt 0:00:02]} Rb8 {[%emt 0:00:00]} 48. Kd3 {[%emt 0:01:17]} 0-1

[Event "8th Ali Ipek Tournament 2020"]
[Site "Ankara"]
[Date "2020.03.07"]
[Round "5.9"]
[White "Alkan, Omer Tarik"]
[Black "Yildiz, Serdar Murat"]
[Result "1-0"]
[WhiteElo "1757"]
[BlackElo "1378"]
[Annotator "NA RC"]
[PlyCount "71"]
[EventDate "2020.03.04"]
[EventType "swiss"]
[EventCountry "TUR"]
[SourceTitle "playchess.com"]
[Source "ChessBase"]
[SourceQuality "1"]
[TimeControl "5400+30"]

1. e4 {[%emt 0:00:30]} e6 {[%emt 0:00:30]} 2. d4 {[%emt 0:00:30]} d5 {[%emt 0:00:00]} 3. e5 {[%emt 0:06:30]} c5 {[%emt 0:00:00]} 4. c3 {[%emt 0:00:00]} Nc6 {[%emt 0:00:30]} 5. Nf3 {[%emt 0:00:00]} Bd7 {[%emt 0:00:00]} 6. Bd3 {[%emt 0:00:00]} Qb6 {[%emt 0:01:00]} 7. O-O {[%emt 0:00:00]} cxd4 {[%emt 0:00:30]} 8. cxd4 {[%emt 0:00:30]} Nxd4 {[%emt 0:00:00]} 9. Nbd2 {[%emt 0:00:00]} Nxf3+ {[%emt 0:05:00]} 10. Nxf3 {[%emt 0:00:00]} Bc5 {[%emt 0:01:30]} 11. b4 {[%emt 0:00:00]} Qxb4 {[%emt 0:04:30]} 12. Rb1 {[%emt 0:00:00]} Qa4 {[%emt 0:01:30]} 13. Qxa4 {[%emt 0:00:30]} Bxa4 {[%emt 0:00:00]} 14. Rxb7 {[%emt 0:00:00]} Bb6 {[%emt 0:01:00]} 15. Ng5 {[%emt 0:02:00]} Nh6 {[%emt 0:13:30]} 16. Ba3 {[%emt 0:00:00]} Bd8 {[%emt 0:04:30]} 17. Nf3 {[%emt 0:04:00]} Bc6 {[%emt 0:00:30]} 18. Rc1 {[%emt 0:00:00]} Ba4 {[%emt 0:03:30]} 19. Nd4 {[%emt 0:01:00]} Bb6 {[%emt 0:11:30]} 20. Nc6 {[%emt 0:02:30]} Ng8 {[%emt 0:08:30]} 21. Nb8 {[%emt 0:03:30]} Bd8 {[%emt 0:02:30]} 22. Na6 {[%emt 0:03:30]} Nh6 {[%emt 0:09:30]} 23. Nc7+ {[%emt 0:03:30]} Bxc7 {[%emt 0:00:30]} 24. Rcxc7 {[%emt 0:00:30]} Ng4 {[%emt 0:00:30]} 25. Bb4 {[%emt 0:12:30]} a5 {[%emt 0:13:24]} 26. Bd6 {[%emt 0:03:30]} Nh6 {[%emt 0:01:55]} 27. h3 {[%emt 0:01:30]} Nf5 {[%emt 0:04:51]} 28. Rxf7 {[%emt 0:00:30]} Nxd6 {[%emt 0:01:05]} 29. exd6 {[%emt 0:00:30]} Kd8 {[%emt 0:01:04]} 30. Rxg7 {[%emt 0:01:30]} e5 {[%emt 0:02:28]} 31. Bb5 {[%emt 0:01:30]} Bxb5 {[%emt 0:01:12]} 32. Rxb5 {[%emt 0:00:30]} d4 {[%emt 0:00:55]} 33. Rxe5 {[%emt 0:00:30]} Rc8 {[%emt 0:00:00]} 34. Rxa5 {[%emt 0:00:30]} d3 {[%emt 0:00:46]} 35. Rd5 {[%emt 0:00:00]} Rc3 {[%emt 0:00:49]} 36. Rg3 {[%emt 0:00:00]} 1-0

[Event "8th Ali Ipek Tournament 2020"]
[Site "Ankara"]
[Date "2020.03.07"]
[Round "5.10"]
[White "Ersahince, Umut Utku"]
[Black "Soku, Mustafa Attila"]
[Result "1-0"]
[WhiteElo "1645"]
[BlackElo "1506"]
[Annotator "NA RC"]
[PlyCount "119"]
[EventDate "2020.03.04"]
[EventType "swiss"]
[EventCountry "TUR"]
[SourceTitle "playchess.com"]
[Source "ChessBase"]
[SourceQuality "1"]
[TimeControl "5400+30"]

1. e4 {[%emt 0:00:30]} g6 {[%emt 0:02:30]} 2. d4 {[%emt 0:00:30]} Bg7 {[%emt 0:00:30]} 3. Nf3 {[%emt 0:00:30]} d6 {[%emt 0:00:00]} 4. Bd3 {[%emt 0:00:00]} a6 {[%emt 0:00:00]} 5. a4 {[%emt 0:00:00]} b6 {[%emt 0:00:00]} 6. O-O {[%emt 0:00:00]} Nd7 {[%emt 0:00:00]} 7. Nbd2 {[%emt 0:00:00]} e6 {[%emt 0:01:30]} 8. Re1 {[%emt 0:01:30]} Ne7 {[%emt 0:00:30]} 9. Nc4 {[%emt 0:04:30]} O-O {[%emt 0:03:30]} 10. c3 {[%emt 0:03:30]} Bb7 {[%emt 0:02:30]} 11. Bf4 {[%emt 0:03:30]} Rc8 {[%emt 0:07:30]} 12. Qd2 {[%emt 0:01:30]} f6 {[%emt 0:11:30]} 13. Rad1 {[%emt 0:02:30]} e5 {[%emt 0:01:30]} 14. dxe5 {[%emt 0:03:30]} Nxe5 {[%emt 0:00:00]} 15. Ncxe5 {[%emt 0:00:30]} dxe5 {[%emt 0:06:00]} 16. Be3 {[%emt 0:00:30]} Kh8 {[%emt 0:04:30]} 17. Qe2 {[%emt 0:05:30]} Qe8 {[%emt 0:11:30]} 18. Bxa6 {[%emt 0:18:30]} Bxa6 {[%emt 0:00:30]} 19. Qxa6 {[%emt 0:00:30]} Ra8 {[%emt 0:00:00]} 20. Qb7 {[%emt 0:00:30]} Qc8 {[%emt 0:05:00]} 21. Qxc8 {[%emt 0:00:30]} Rfxc8 {[%emt 0:00:30]} 22. b3 {[%emt 0:07:30]} Nc6 {[%emt 0:02:30]} 23. Nd2 {[%emt 0:04:30]} Rd8 {[%emt 0:03:30]} 24. Nc4 {[%emt 0:01:30]} Kg8 {[%emt 0:02:30]} 25. Kf1 {[%emt 0:01:30]} Kf7 {[%emt 0:00:30]} 26. Ke2 {[%emt 0:00:00]} Ke6 {[%emt 0:00:30]} 27. Rd2 {[%emt 0:01:00]} f5 {[%emt 0:05:30]} 28. f3 {[%emt 0:01:30]} f4 {[%emt 0:01:30]} 29. Bf2 {[%emt 0:00:30]} Rxd2+ {[%emt 0:00:30]} 30. Kxd2 {[%emt 0:00:30]} Rd8+ {[%emt 0:00:30]} 31. Kc2 {[%emt 0:00:00]} g5 {[%emt 0:00:00]} 32. Ra1 {[%emt 0:02:00]} Ra8 {[%emt 0:05:00]} 33. Na3 {[%emt 0:01:30]} Bf6 {[%emt 0:00:30]} 34. Nb5 {[%emt 0:01:30]} Bd8 {[%emt 0:01:30]} 35. Rd1 {[%emt 0:01:30]} Ne7 {[%emt 0:01:30]} 36. Kb2 {[%emt 0:01:30]} c6 {[%emt 0:01:30]} 37. Na3 {[%emt 0:02:30]} Bc7 {[%emt 0:00:00]} 38. Nc4 {[%emt 0:01:30]} c5 {[%emt 0:00:00]} 39. Na3 {[%emt 0:00:30]} Rd8 {[%emt 0:01:30]} 40. Rxd8 {[%emt 0:00:30]} Bxd8 {[%emt 0:00:00]} 41. b4 {[%emt 0:00:30]} cxb4 {[%emt 0:01:00]} 42. cxb4 {[%emt 0:00:30]} Nc6 {[%emt 0:00:30]} 43. Kc3 {[%emt 0:00:30]} Nb8 {[%emt 0:00:30]} 44. Kc4 {[%emt 0:03:30]} Nc6 {[%emt 0:02:31]} 45. Nc2 {[%emt 0:01:30]} Na7 {[%emt 0:01:18]} 46. Na3 {[%emt 0:02:30]} h5 {[%emt 0:00:37]} 47. a5 {[%emt 0:05:36]} Nc8 {[%emt 0:02:19]} 48. a6 {[%emt 0:03:05]} Kd6 {[%emt 0:01:29]} 49. Nb5+ {[%emt 0:06:27]} Kc6 {[%emt 0:00:25]} 50. a7 {[%emt 0:00:37]} Kb7 {[%emt 0:00:30]} 51. Kd5 {[%emt 0:00:00]} Nxa7 {[%emt 0:00:13]} 52. Nxa7 {[%emt 0:00:43]} Kxa7 {[%emt 0:00:06]} 53. b5 {[%emt 0:00:21]} Bc7 {[%emt 0:00:09]} 54. h3 {[%emt 0:00:33]} Kb7 {[%emt 0:00:29]} 55. Be1 {[%emt 0:00:30]} Kc8 {[%emt 0:01:32]} 56. Kc6 {[%emt 0:01:01]} Kd8 {[%emt 0:00:30]} 57. Bf2 {[%emt 0:00:00]} Bb8 {[%emt 0:00:42]} 58. Bxb6+ {[%emt 0:00:10]} Ke7 {[%emt 0:00:04]} 59. Bc5+ {[%emt 0:00:07]} Ke6 {[%emt 0:00:21]} 60. Kb7 {[%emt 0:00:03]} 1-0

[Event "8th Ali Ipek Tournament 2020"]
[Site "Ankara"]
[Date "2020.03.07"]
[Round "5.11"]
[White "Pamuk, Yagiz"]
[Black "Ceylan, Arda (Ali Riza)"]
[Result "0-1"]
[WhiteElo "1385"]
[BlackElo "1637"]
[Annotator "NA RC"]
[PlyCount "64"]
[EventDate "2020.03.04"]
[EventType "swiss"]
[EventCountry "TUR"]
[SourceTitle "playchess.com"]
[Source "ChessBase"]
[SourceQuality "1"]
[TimeControl "5400+30"]

1. e4 {[%emt 0:00:30]} e6 {[%emt 0:00:30]} 2. d4 {[%emt 0:00:30]} d5 {[%emt 0:00:00]} 3. Nc3 {[%emt 0:00:00]} Nf6 {[%emt 0:00:00]} 4. Bg5 {[%emt 0:00:00]} Be7 {[%emt 0:00:30]} 5. e5 {[%emt 0:00:00]} Nfd7 {[%emt 0:00:00]} 6. Bxe7 {[%emt 0:00:00]} Qxe7 {[%emt 0:00:00]} 7. f4 {[%emt 0:00:00]} a6 {[%emt 0:00:00]} 8. Nf3 {[%emt 0:01:00]} c5 {[%emt 0:00:00]} 9. dxc5 {[%emt 0:00:00]} Nc6 {[%emt 0:00:30]} 10. Bd3 {[%emt 0:01:00]} Qxc5 {[%emt 0:01:30]} 11. Qd2 {[%emt 0:00:30]} O-O {[%emt 0:00:30]} 12. O-O-O {[%emt 0:02:30]} b5 {[%emt 0:00:30]} 13. Kb1 {[%emt 0:01:30]} b4 {[%emt 0:00:30]} 14. Ne2 {[%emt 0:01:30]} a5 {[%emt 0:00:30]} 15. Ned4 {[%emt 0:10:30]} Nxd4 {[%emt 0:02:30]} 16. Nxd4 {[%emt 0:00:30]} Ba6 {[%emt 0:07:30]} 17. Bxa6 {[%emt 0:01:30]} Rxa6 {[%emt 0:00:30]} 18. Rhe1 {[%emt 0:01:30]} a4 {[%emt 0:10:30]} 19. Re3 {[%emt 0:04:30]} Nb6 {[%emt 0:04:30]} 20. Rh3 {[%emt 0:04:30]} Nc4 {[%emt 0:02:30]} 21. Qf2 {[%emt 0:02:30]} Rfa8 {[%emt 0:07:30]} 22. Qh4 {[%emt 0:01:30]} h6 {[%emt 0:00:00]} 23. Rg3 {[%emt 0:04:30]} Kh7 {[%emt 0:03:00]} 24. Qg4 {[%emt 0:03:30]} g6 {[%emt 0:03:30]} 25. Rh3 {[%emt 0:00:30]} b3 {[%emt 0:02:30]} 26. Qg5 {[%emt 0:03:30]} bxa2+ {[%emt 0:03:30]} 27. Ka1 {[%emt 0:00:30]} h5 {[%emt 0:01:30]} 28. g4 {[%emt 0:00:30]} Qb4 {[%emt 0:02:30]} 29. Nb3 {[%emt 0:00:30]} a3 {[%emt 0:00:30]} 30. Rxh5+ {[%emt 0:04:30]} Kg8 {[%emt 0:01:30]} 31. Rb1 {[%emt 0:01:30]} axb2+ {[%emt 0:00:30]} 32. Rxb2 {[%emt 0:00:30]} Qe1+ {[%emt 0:00:00]} 0-1

[Event "8th Ali Ipek Tournament 2020"]
[Site "Ankara"]
[Date "2020.03.07"]
[Round "5.12"]
[White "Ergani, Efe"]
[Black "Bilen, Tuna"]
[Result "1-0"]
[WhiteElo "1668"]
[BlackElo "1367"]
[Annotator "NA RC"]
[PlyCount "73"]
[EventDate "2020.03.04"]
[EventType "swiss"]
[EventCountry "TUR"]
[SourceTitle "playchess.com"]
[Source "ChessBase"]
[SourceQuality "1"]
[TimeControl "5400+30"]

1. Nf3 {[%emt 0:00:30]} d5 {[%emt 0:00:30]} 2. c4 {[%emt 0:00:00]} c6 {[%emt 0:00:00]} 3. d4 {[%emt 0:01:00]} Nf6 {[%emt 0:00:00]} 4. Nc3 {[%emt 0:00:30]} dxc4 {[%emt 0:00:00]} 5. a4 {[%emt 0:00:00]} Bf5 {[%emt 0:00:00]} 6. Ne5 {[%emt 0:00:00]} e6 {[%emt 0:01:30]} 7. Nxc4 {[%emt 0:00:30]} Bb4 {[%emt 0:01:30]} 8. Bg5 {[%emt 0:13:30]} h6 {[%emt 0:03:30]} 9. Bh4 {[%emt 0:00:30]} O-O {[%emt 0:00:00]} 10. e3 {[%emt 0:01:30]} Nbd7 {[%emt 0:05:00]} 11. Be2 {[%emt 0:01:30]} c5 {[%emt 0:13:30]} 12. O-O {[%emt 0:03:30]} Qe7 {[%emt 0:03:30]} 13. Bf3 {[%emt 0:03:30]} g5 {[%emt 0:06:30]} 14. Bg3 {[%emt 0:00:30]} cxd4 {[%emt 0:02:30]} 15. Qxd4 {[%emt 0:06:30]} Bc5 {[%emt 0:02:30]} 16. Qd1 {[%emt 0:01:30]} Rad8 {[%emt 0:06:30]} 17. Bc7 {[%emt 0:05:30]} Rc8 {[%emt 0:00:30]} 18. Nb5 {[%emt 0:00:30]} Nb6 {[%emt 0:09:30]} 19. Bd6 {[%emt 0:09:30]} Bxd6 {[%emt 0:03:30]} 20. Qxd6 {[%emt 0:01:30]} Qxd6 {[%emt 0:11:30]} 21. Ncxd6 {[%emt 0:00:30]} Rc2 {[%emt 0:00:00]} 22. Nxf5 {[%emt 0:06:30]} exf5 {[%emt 0:00:00]} 23. b3 {[%emt 0:00:30]} a6 {[%emt 0:04:30]} 24. Nd4 {[%emt 0:00:30]} Ne4 {[%emt 0:01:30]} 25. Nxc2 {[%emt 0:00:30]} Rc8 {[%emt 0:00:00]} 26. Bxe4 {[%emt 0:00:00]} fxe4 {[%emt 0:00:00]} 27. Nd4 {[%emt 0:00:00]} a5 {[%emt 0:00:00]} 28. Rfc1 {[%emt 0:00:00]} Rxc1+ {[%emt 0:00:00]} 29. Rxc1 {[%emt 0:00:00]} Nd5 {[%emt 0:00:30]} 30. Rc5 {[%emt 0:00:30]} Nb4 {[%emt 0:00:00]} 31. Rxa5 {[%emt 0:00:00]} b6 {[%emt 0:00:00]} 32. Rb5 {[%emt 0:00:00]} Nd3 {[%emt 0:00:30]} 33. Rxb6 {[%emt 0:00:30]} Nc5 {[%emt 0:00:30]} 34. a5 {[%emt 0:00:00]} Kf8 {[%emt 0:00:00]} 35. a6 {[%emt 0:00:00]} Nxa6 {[%emt 0:00:00]} 36. Rxa6 {[%emt 0:00:30]} Ke7 {[%emt 0:00:00]} 37. Rxh6 {[%emt 0:00:00]} 1-0

[Event "8th Ali Ipek Tournament 2020"]
[Site "Ankara"]
[Date "2020.03.07"]
[Round "5.13"]
[White "Kamisli, Yigit"]
[Black "Saltik, Suleyman"]
[Result "1-0"]
[WhiteElo "1393"]
[BlackElo "1658"]
[Annotator "NA RC"]
[PlyCount "69"]
[EventDate "2020.03.04"]
[EventType "swiss"]
[EventCountry "TUR"]
[SourceTitle "playchess.com"]
[Source "ChessBase"]
[SourceQuality "1"]
[TimeControl "5400+30"]

1. d4 {[%emt 0:00:30]} Nf6 {[%emt 0:00:30]} 2. Nf3 {[%emt 0:00:30]} c5 {[%emt 0:00:30]} 3. d5 {[%emt 0:00:30]} b5 {[%emt 0:01:30]} 4. c4 {[%emt 0:18:30]} Bb7 {[%emt 0:00:30]} 5. b3 {[%emt 0:10:30]} g6 {[%emt 0:01:30]} 6. Bb2 {[%emt 0:00:30]} Bg7 {[%emt 0:01:30]} 7. e4 {[%emt 0:06:30]} d6 {[%emt 0:02:30]} 8. Bd3 {[%emt 0:03:30]} O-O {[%emt 0:01:30]} 9. O-O {[%emt 0:00:30]} bxc4 {[%emt 0:03:30]} 10. bxc4 {[%emt 0:00:30]} Qb6 {[%emt 0:00:30]} 11. Qc2 {[%emt 0:02:30]} Re8 {[%emt 0:06:30]} 12. Nc3 {[%emt 0:03:30]} Na6 {[%emt 0:01:30]} 13. a3 {[%emt 0:00:30]} Rab8 {[%emt 0:01:30]} 14. Rab1 {[%emt 0:01:30]} Nc7 {[%emt 0:01:30]} 15. e5 {[%emt 0:08:30]} Nd7 {[%emt 0:05:30]} 16. Ne4 {[%emt 0:08:30]} Qa6 {[%emt 0:05:30]} 17. exd6 {[%emt 0:03:30]} exd6 {[%emt 0:00:30]} 18. Bxg7 {[%emt 0:00:30]} Kxg7 {[%emt 0:00:30]} 19. Qc3+ {[%emt 0:01:30]} f6 {[%emt 0:00:30]} 20. Nfg5 {[%emt 0:05:30]} h6 {[%emt 0:05:30]} 21. Nh3 {[%emt 0:06:00]} Rf8 {[%emt 0:03:30]} 22. f4 {[%emt 0:01:49]} Ne8 {[%emt 0:05:30]} 23. g4 {[%emt 0:01:33]} Bc8 {[%emt 0:07:30]} 24. Rxb8 {[%emt 0:01:12]} Nxb8 {[%emt 0:00:30]} 25. Nhf2 {[%emt 0:00:32]} Kh7 {[%emt 0:02:30]} 26. h4 {[%emt 0:00:59]} f5 {[%emt 0:04:30]} 27. Ng3 {[%emt 0:03:05]} Ng7 {[%emt 0:04:30]} 28. h5 {[%emt 0:01:24]} gxh5 {[%emt 0:02:30]} 29. Rb1 {[%emt 0:01:54]} h4 {[%emt 0:03:30]} 30. Nxf5 {[%emt 0:02:54]} Bxf5 {[%emt 0:00:30]} 31. gxf5 {[%emt 0:00:24]} Kh8 {[%emt 0:11:01]} 32. f6 {[%emt 0:00:39]} Nh5 {[%emt 0:00:25]} 33. f7+ {[%emt 0:02:01]} Ng7 {[%emt 0:00:29]} 34. Qf6 {[%emt 0:00:17]} Rxf7 {[%emt 0:01:27]} 35. Rxb8+ {[%emt 0:00:30]} 1-0

[Event "8th Ali Ipek Tournament 2020"]
[Site "Ankara"]
[Date "2020.03.07"]
[Round "5.14"]
[White "Ada, Isa"]
[Black "Aydin, Aytac"]
[Result "0-1"]
[WhiteElo "1366"]
[BlackElo "1652"]
[Annotator "NA RC"]
[PlyCount "75"]
[EventDate "2020.03.04"]
[EventType "swiss"]
[EventCountry "TUR"]
[SourceTitle "playchess.com"]
[Source "ChessBase"]
[SourceQuality "1"]
[TimeControl "5400+30"]

1. d4 {[%emt 0:00:30]} d5 {[%emt 0:00:30]} 2. g3 {[%emt 0:00:00]} Nf6 {[%emt 0:02:30]} 3. Bg2 {[%emt 0:00:00]} Bf5 {[%emt 0:01:30]} 4. c4 {[%emt 0:02:30]} c6 {[%emt 0:02:30]} 5. cxd5 {[%emt 0:05:30]} cxd5 {[%emt 0:00:30]} 6. Nc3 {[%emt 0:01:30]} e6 {[%emt 0:01:30]} 7. Nf3 {[%emt 0:00:00]} Nc6 {[%emt 0:04:30]} 8. O-O {[%emt 0:02:00]} Be7 {[%emt 0:00:30]} 9. Bf4 {[%emt 0:07:30]} h6 {[%emt 0:02:30]} 10. a3 {[%emt 0:04:30]} O-O {[%emt 0:01:30]} 11. Rc1 {[%emt 0:06:30]} Rc8 {[%emt 0:02:30]} 12. b4 {[%emt 0:08:30]} Bd6 {[%emt 0:22:30]} 13. Bxd6 {[%emt 0:00:30]} Qxd6 {[%emt 0:00:30]} 14. Na4 {[%emt 0:08:30]} b6 {[%emt 0:00:30]} 15. Nc3 {[%emt 0:00:30]} Ne4 {[%emt 0:10:30]} 16. e3 {[%emt 0:11:30]} Nxc3 {[%emt 0:02:30]} 17. Rxc3 {[%emt 0:00:00]} Ne7 {[%emt 0:00:00]} 18. Rxc8 {[%emt 0:06:00]} Rxc8 {[%emt 0:00:00]} 19. Qa4 {[%emt 0:02:30]} Bd3 {[%emt 0:08:30]} 20. Re1 {[%emt 0:02:30]} Qc7 {[%emt 0:02:30]} 21. Ne5 {[%emt 0:00:00]} Bf5 {[%emt 0:02:30]} 22. Bf1 {[%emt 0:05:00]} Qc3 {[%emt 0:00:00]} 23. Re2 {[%emt 0:13:24]} Qc1 {[%emt 0:11:00]} 24. g4 {[%emt 0:02:38]} Be4 {[%emt 0:00:30]} 25. f3 {[%emt 0:00:30]} Bh7 {[%emt 0:00:30]} 26. Qxa7 {[%emt 0:00:30]} Qc7 {[%emt 0:04:16]} 27. Qxc7 {[%emt 0:01:31]} Rxc7 {[%emt 0:00:02]} 28. Rb2 {[%emt 0:02:21]} f6 {[%emt 0:00:16]} 29. Nd3 {[%emt 0:00:51]} Rc3 {[%emt 0:00:18]} 30. Nf2 {[%emt 0:02:14]} Rxa3 {[%emt 0:00:27]} 31. e4 {[%emt 0:00:33]} Rxf3 {[%emt 0:01:11]} 32. Bg2 {[%emt 0:00:35]} Rc3 {[%emt 0:00:21]} 33. b5 {[%emt 0:00:49]} Rc1+ {[%emt 0:00:37]} 34. Bf1 {[%emt 0:01:15]} dxe4 {[%emt 0:00:09]} 35. Re2 {[%emt 0:00:21]} f5 {[%emt 0:00:39]} 36. gxf5 {[%emt 0:00:25]} exf5 {[%emt 0:00:30]} 37. Rd2 {[%emt 0:02:25]} e3 {[%emt 0:00:30]} 38. Rd1 {[%emt 0:00:00]} 0-1